Michael Smiths Weg zum Darts WM Titel 2023 - Statistiken

Allgemein
  • Dieses Quiz wurde 231 mal gespielt
  • Das Durchschnittsergebnis liegt bei 4 aus 6
Antwortstatistiken
Runde Nationalität Ergebnis Spieler % Korrekt
Finale Niederlande 7:4 Michael van Gerwen
100%
Halbfinale Deutschland 6:2 Gabriel Clemens
99%
3. Runde Deutschland 4:3 Martin Schindler
93%
Achtelfinale England 4:1 Joe Cullen
52%
Viertelfinale England 5:3 Stephen Bunting
49%
2. Runde Nordirland 3:0 Nathan Rafferty
29%
Keine übereinstimmenden Quizze gefunden
Verteilung der Resultate
Anzahl Personen mit jedem Resultat
Perzentil nach korrekt beantworteten Fragen
Ihre Resultats-Entwicklung
Sie haben dieses Quiz noch nicht gespielt